000 00520nam a2200193Ia 4500
005 20250326140801.0
008 250326s9999 xx 000 0 und d
037 _aTextbook
040 _aFMSL
_beng
_cFMSL
041 _aeng
_2eng
084 _qFMSL
100 _aPaton R A
245 0 _aChange management: A Guide to effective implementation
_cPaton R A; Mccalman J
250 _aEd 2
260 _aNew Delhi
_bNew Delhi, Response Books
_c2000
300 _a280p
942 _cTB
999 _c1287266
_d1287266